[Event "Pardubice Czech op-D 30th"]
[Site "Pardubice"]
[Date "2019.07.27"]
[Round "9"]
[White "Igumnov, Igor"]
[Black "Borysiuk, Sofiia Khrystyna"]
[Result "1-0"]
[WhiteElo "1569"]
[BlackElo "1297"]
[PlyCount "89"]
[EventDate "2019.07.20"]
[EventType "swiss"]
[EventRounds "9"]
[EventCountry "CZE"]
[SourceTitle "EXT 2020"]
[Source "ChessBase"]
[SourceDate "2019.10.17"]
[SourceVersion "1"]
[SourceVersionDate "2019.10.17"]
[SourceQuality "1"]

1. b4 e5 2. Bb2 d6 3. e3 g6 4. d4 d5 5. b5 Bg7 6. dxe5 Ne7 7. Bd3 0-0 8. Ne2 Nd7 9. f4 Nc5 10. 0-0 Nf5 11. Bxf5 Bxf5 12. Ng3 Qd7 13. a4 Be6 14. Nd2 a6 15. Ba3 b6 16. bxa6 Rxa6 17. Nb3 Qc6 18. Bxc5 bxc5 19. a5 c4 20. Nd4 Qc5 21. Qd2 Rfa8 22. Rfb1 Rxa5 23. Rxa5 Qxa5 24. Qxa5 Rxa5 25. Nc6 Ra8 26. Ne2 h5 27. Rb7 Ra2 28. Ned4 Bf5 29. Ne7+ Kh7 30. Ndxf5 gxf5 31. Nxf5 Rxc2 32. Rxc7 Kg6 33. Ne7+ Kh7 34. Nxd5 Rd2 35. Nc3 Rd3 36. Rxc4 Rxe3 37. Kf2 Rd3 38. Ne2 Rd7 39. Nd4 Ra7 40. Kg3 Ra3+ 41. Nf3 Rb3 42. Rc7 Kg6 43. Kh4 Bh6 44. Rc6+ Kg7 45. Nd4 1-0

[Event "Pardubice Czech op-D 29th"]
[Site "Pardubice"]
[Date "2018.07.27"]
[Round "8"]
[White "Igumnov, Igor"]
[Black "Salykin, Tymur"]
[Result "1-0"]
[WhiteElo "1422"]
[BlackElo "1678"]
[PlyCount "87"]
[EventDate "2018.07.21"]
[EventType "swiss"]
[EventRounds "9"]
[EventCountry "CZE"]
[SourceTitle "CBM 186 Extra"]
[Source "ChessBase"]
[SourceDate "2018.08.24"]
[SourceVersion "1"]
[SourceVersionDate "2018.08.24"]
[SourceQuality "1"]

1. b4 e6 2. Bb2 Nf6 3. b5 b6 4. e3 Bb7 5. Nf3 c6 6. c4 a6 7. a4 axb5 8. axb5 cxb5 9. Rxa8 Bxa8 10. cxb5 Be7 11. Be2 d6 12. 0-0 Nbd7 13. Nd4 Nc5 14. Nc6 Qc7 15. d4 Nb7 16. Qb3 0-0 17. Rc1 Qd7 18. Nd2 Nd8 19. Nxe7+ Qxe7 20. Nc4 Bd5 21. Qb4 Bxc4 22. Qxc4 Nb7 23. Qc6 Nd5 24. Bf3 Na5 25. Qc2 Qg5 26. Qd3 h6 27. Ba3 Rd8 28. Bxd5 Qxd5 29. Qc2 Qxb5 30. Qc7 Rd7 31. Qb8+ Kh7 32. Bxd6 Nc6 33. Qf8 Rd8 34. Qxf7 Rxd6 35. Qf4 Qd5 36. h3 b5 37. Rc5 Qb3 38. Qxd6 Na7 39. Qe5 Qb1+ 40. Kh2 Qg6 41. Qc7 e5 42. Qxa7 b4 43. Rb5 exd4 44. Qxd4 1-0

[Event "Pardubice Czech op-D 29th"]
[Site "Pardubice"]
[Date "2018.07.23"]
[Round "4"]
[White "Igumnov, Igor"]
[Black "Zhukovskyi, Oleksandr"]
[Result "1/2-1/2"]
[WhiteElo "1422"]
[BlackElo "1649"]
[PlyCount "34"]
[EventDate "2018.07.21"]
[EventType "swiss"]
[EventRounds "9"]
[EventCountry "CZE"]
[SourceTitle "CBM 186 Extra"]
[Source "ChessBase"]
[SourceDate "2018.08.24"]
[SourceVersion "1"]
[SourceVersionDate "2018.08.24"]
[SourceQuality "1"]

1. e4 e6 2. d4 d5 3. exd5 exd5 4. Nf3 Bd6 5. c4 c6 6. Nc3 Ne7 7. c5 Bc7 8. Bg5 Bf5 9. Bd3 f6 10. Be3 Qd7 11. 0-0 0-0 12. Re1 b6 13. b4 a5 14. cxb6 Bxb6 15. b5 Bxd3 16. Qxd3 cxb5 17. Nxb5 Nbc6 1/2-1/2